000 00243nam a2200085Ia 4500
942 _cBK
245 0 _aGETTING STARTED IN COMPUTING FOR THE OLDER GENERATION-WINDOWS 7 EDITION
100 _aJIM GATENBY
008 210804s9999 xx 000 0 und d
999 _c41349
_d41348